000 00520nam a22001697a 4500
005 20260618124511.0
008 260618b |||||||| |||| 00| 0 eng d
020 _a0-59043372-5
040 _cChuka University Library
050 _aLB 1576
_bL86 1998
100 _aLunsford Susan
_930189
245 _aLiterature Based Mini Lessons
260 _aNew York
_bScholastic professional books
_c1998
300 _a128p.
650 _2English Language...composition and exercise.... study and teaching
942 _2lcc
_cBK
_n0
999 _c24785
_d24785